| 000 | 02825cam a22005774i 4500 | ||
|---|---|---|---|
| 003 | PE-LiUPU | ||
| 005 | 20250731173257.0 | ||
| 008 | 150625s r 000 0 d | ||
| 020 | _a0 310 25238 5 | ||
| 035 | _a(Sirsi) i9780310252382 | ||
| 040 |
_aPE-LiUPU _bspa _cPE-LiUPU _erda |
||
| 049 | _aPRUA | ||
| 082 | 0 | 4 |
_a253.7 _bH99 _221 |
| 100 | 1 |
_aHybels, Bill, _eautor. |
|
| 245 | 1 | 4 |
_aThe volunteer revolution : _bunleashing the power of every body / _cBill Hybels. |
| 264 | 1 |
_aGrand Rapids, Michigan : _bZondervan, _c2004. |
|
| 300 |
_a141 páginas ; _c21 centímetros |
||
| 336 |
_atext _2rdacontent |
||
| 337 |
_aunmediated _2rdamedia |
||
| 338 |
_avolume _2rdacarrier |
||
| 505 | 0 | _aThis is wat I was made for. -I can't believe I get to do this!. -Servanthood: The great gamble. -The great exchange. -What? me, a priest?. Just Jump in. Using your skills to find your passion. -People-driven passion. -Don't forget to ask. -Over the long haul. -The power of doing Good. | |
| 526 | _aSEG42 | ||
| 526 | _aSEG41 | ||
| 526 | _aSEG40 | ||
| 526 | _aSEG39 | ||
| 526 | _aP94 | ||
| 526 | _aP87 | ||
| 526 | _aP86 | ||
| 526 | _aP85 | ||
| 526 | _aP77 | ||
| 526 | _aP76 | ||
| 526 | _aP35 | ||
| 650 | 0 | 4 | _aTrabajo de iglesia. |
| 650 | 0 | 4 |
_aVoluntarismo _xAspectos religiosos (Cristianismo). |
| 910 |
_bnm _caj _d20040309 |
||
| 942 |
_2ddc _cBOOK |
||
| 949 |
_a253.7 H99 _wDEWEY _c1 _i53769 _lCCODEBUL1 _mBUL _p16.00 _r0 _sY _tBOOK _u2015-6-25 _xTEOLOGIA _zUNKNOWN _0COMPRA _o.STAFF. Colección General |
||
| 949 |
_a253.7 H99 _wDEWEY _c2 _i53766 _lCCODEBUL1 _mBUL _p16.00 _r0 _sY _tBOOK _u2015-6-25 _xTEOLOGIA _zUNKNOWN _0COMPRA _o.STAFF. Colección General |
||
| 949 |
_a253.7 H99 _wDEWEY _c3 _i53767 _lCCODEBUL1 _mBUL _p16.00 _r0 _sY _tBOOK _u2015-6-25 _xTEOLOGIA _zUNKNOWN _0COMPRA _o.STAFF. Colección General |
||
| 949 |
_a253.7 H99 _wDEWEY _c4 _i53768 _lCCODEBUL1 _mBUL _p16.00 _r0 _sY _tBOOK _u2015-6-25 _xTEOLOGIA _zUNKNOWN _0COMPRA _o.STAFF. Colección General |
||
| 994 |
_aC0 _bPEPRU |
||
| 596 | _a1 | ||
| 999 |
_a253.7 H99 _wDEWEY _c43887 _i53769 _f2021-11-10 _g5 _lCCODEBUL1 _mBUL _p16.00 _r0 _sY _tBOOK _u2015-6-25 _xTEOLOGIA _zUNKNOWN _0COMPRA _o.STAFF. Colección General _d43887 |
||
| 999 |
_a253.7 H99 _wDEWEY _c2 _i53766 _f2021-11-10 _g5 _lCCODEBUL1 _mBUL _p16.00 _r0 _sY _tBOOK _u2015-6-25 _xTEOLOGIA _zUNKNOWN _0COMPRA _o.STAFF. Colección General |
||
| 999 |
_a253.7 H99 _wDEWEY _c3 _i53767 _f2021-11-10 _g5 _lCCODEBUL1 _mBUL _p16.00 _r0 _sY _tBOOK _u2015-6-25 _xTEOLOGIA _zUNKNOWN _0COMPRA _o.STAFF. Colección General |
||
| 999 |
_a253.7 H99 _wDEWEY _c4 _i53768 _f2021-11-10 _g5 _lCCODEBUL1 _mBUL _p16.00 _r0 _sY _tBOOK _u2015-6-25 _xTEOLOGIA _zUNKNOWN _0COMPRA _o.STAFF. Colección General |
||
| 980 |
_81 _gALBERTO SANCHEZ Responsable de Automatización |
||